[Event "Medellin Flores op 30th"]
[Site "Medellin"]
[Date "2023.08.04"]
[Round "3"]
[White "De Jesus Rosa, Michel"]
[Black "Toro Castaneda, Elizabeth"]
[Result "0-1"]
[WhiteElo "2096"]
[BlackElo "1978"]
[PlyCount "109"]
[EventDate "2023.08.03"]
[EventType "swiss"]
[EventRounds "9"]
[EventCountry "COL"]
[SourceTitle "CBM 215 Extra"]
[Source "ChessBase"]
[SourceDate "2023.09.30"]
[SourceVersion "1"]
[SourceVersionDate "2023.09.30"]
[SourceQuality "1"]

1. Nf3 Nf6 2. b3 g6 3. Bb2 Bg7 4. c4 0-0 5. e3 c5 6. Be2 Nc6 7. 0-0 d6 8. Nc3 a6 9. d4 cxd4 10. Nxd4 Bd7 11. Bf3 Rb8 12. Qd2 Nxd4 13. Qxd4 Ng4 14. Qd2 Ne5 15. Be2 b5 16. cxb5 axb5 17. Nd5 Bc6 18. f4 Bxd5 19. Qxd5 Nf3+ 20. Rxf3 Bxb2 21. Rb1 Bf6 22. Bxb5 e6 23. Qd3 Qb6 24. a4 Rfc8 25. Re1 Rc3 26. Qd1 Rbc8 27. Kf2 d5 28. Kg3 Qd8 29. Kh3 Qa5 30. f5 Qb4 31. g4 exf5 32. gxf5 Qh4+ 33. Kg2 Qg4+ 34. Rg3 Qe4+ 35. Qf3 Bh4 36. Qxe4 dxe4 37. fxg6 hxg6 38. Bc4 Bxg3 39. Kxg3 Kg7 40. Kf4 f5 41. Rd1 Rc2 42. Rd7+ Kh6 43. a5 Rxh2 44. a6 Rf2+ 45. Ke5 g5 46. Be6 g4 47. a7 g3 48. Rd6 Re8 49. Rd1 g2 50. Rg1 Kg5 51. b4 Ra8 52. b5 Rxa7 53. Bc8 Ra5 54. Bd7 Raa2 55. Kd4 0-1

[Event "DOM-ch"]
[Site "Santo Domingo"]
[Date "2022.02.20"]
[Round "4"]
[White "De Jesus Rosa, Michel"]
[Black "Franco Rodriguez, Andres Avelino"]
[Result "1-0"]
[WhiteElo "2124"]
[BlackElo "1987"]
[PlyCount "103"]
[EventDate "2022.02.18"]
[EventType "swiss"]
[EventRounds "11"]
[EventCountry "DOM"]
[SourceTitle "EXT 2023"]
[Source "ChessBase"]
[SourceDate "2022.10.05"]
[SourceVersion "1"]
[SourceVersionDate "2022.10.05"]
[SourceQuality "1"]

1. Nf3 d5 2. e3 Nf6 3. b3 Bg4 4. h3 Bh5 5. g4 Bg6 6. Ne5 Be4 7. f3 Qd6 8. Bb2 Nfd7 9. d4 Bg6 10. Kf2 Nxe5 11. dxe5 Qc5 12. Nc3 e6 13. Na4 Qe7 14. h4 h5 15. g5 c6 16. Nc3 Nd7 17. Ne2 Qd8 18. Nf4 Bf5 19. Bd3 Bxd3 20. cxd3 g6 21. Rc1 Qb6 22. Qc2 0-0-0 23. d4 Kb8 24. a3 c5 25. Ne2 Be7 26. Bc3 Rc8 27. Qb2 Rc6 28. f4 Rhc8 29. Bd2 Qa6 30. a4 c4 31. a5 cxb3 32. Qxb3 Rxc1 33. Rxc1 Rxc1 34. Nxc1 Qc4 35. Qxc4 dxc4 36. e4 b5 37. Na2 Kc7 38. Bb4 Bxb4 39. Nxb4 Nb8 40. d5 Nd7 41. Ke3 Nc5 42. dxe6 fxe6 43. f5 Kd7 44. fxg6 Ke7 45. Nc6+ Kf8 46. Nxa7 b4 47. Nb5 c3 48. Nd4 Kg7 49. a6 Nxa6 50. Nxe6+ Kxg6 51. Nf4+ Kg7 52. Ne2 1-0

[Event "DOM-ch"]
[Site "Santo Domingo"]
[Date "2017.04.22"]
[Round "2"]
[White "De Jesus Rosa, Michel"]
[Black "Camacho Campusano, David Daniel"]
[Result "1/2-1/2"]
[WhiteElo "2045"]
[BlackElo "2143"]
[PlyCount "120"]
[EventDate "2017.04.21"]
[EventType "swiss"]
[EventRounds "11"]
[EventCountry "DOM"]
[SourceTitle "CBM 178 Extra"]
[Source "ChessBase"]
[SourceDate "2017.06.22"]
[SourceVersion "1"]
[SourceVersionDate "2017.06.22"]
[SourceQuality "1"]

1. c4 Nf6 2. Nc3 g6 3. g3 Bg7 4. Bg2 0-0 5. Nf3 d6 6. 0-0 e5 7. d3 c6 8. Rb1 a5 9. a3 Re8 10. b4 axb4 11. axb4 Bg4 12. h3 Be6 13. b5 h6 14. Qb3 Nbd7 15. Ba3 Bf8 16. Nd2 d5 17. Bxf8 Nxf8 18. bxc6 bxc6 19. Qb6 Qc8 20. Kh2 N8d7 21. Qb2 Qc7 22. cxd5 cxd5 23. Rfc1 Qa7 24. Kg1 Reb8 25. Qc2 Rc8 26. Qd1 Rab8 27. Ra1 Qb6 28. Rab1 Qd6 29. Nb5 Rxc1 30. Qxc1 Qc5 31. Qxc5 Nxc5 32. Nc7 Rxb1+ 33. Nxb1 Kf8 34. Nxe6+ Nxe6 35. Nc3 Nc7 36. Kf1 Ke7 37. Ke1 Kd6 38. Kd2 Kc5 39. Kc2 Nd7 40. Na4+ Kd6 41. Nc3 f5 42. Kb3 g5 43. Kb4 Nc5 44. Nb5+ Nxb5 45. Kxb5 h5 46. Kb4 g4 47. hxg4 hxg4 48. Kc3 Ne6 49. e3 Kc5 50. Kd2 Ng5 51. Ke2 Nf7 52. Kd2 Nd6 53. Bf1 d4 54. Be2 e4 55. exd4+ Kxd4 56. dxe4 Nxe4+ 57. Ke1 Ng5 58. Ba6 Nf3+ 59. Ke2 Ng5 60. Bb7 Ne4 1/2-1/2

[Event "Santo Domingo Duarte Memorial 6th"]
[Site "Santo Domingo"]
[Date "2017.02.05"]
[Round "8"]
[White "De Jesus Rosa, Michel"]
[Black "Arvelo Leo, Gian Carlo"]
[Result "1/2-1/2"]
[WhiteElo "2030"]
[BlackElo "2172"]
[PlyCount "67"]
[EventDate "2017.01.27"]
[EventType "swiss"]
[EventRounds "8"]
[EventCountry "DOM"]
[SourceTitle "CBM 176 Extra"]
[Source "ChessBase"]
[SourceDate "2017.03.02"]
[SourceVersion "1"]
[SourceVersionDate "2017.03.02"]
[SourceQuality "1"]

1. e4 c5 2. Nc3 g6 3. g3 Bg7 4. Bg2 Nc6 5. d3 e6 6. f4 Nge7 7. Nf3 0-0 8. 0-0 d6 9. Be3 Nd4 10. Qd2 Rb8 11. Nd1 b5 12. c3 Nxf3+ 13. Bxf3 Nc6 14. e5 Bb7 15. exd6 Qxd6 16. Qf2 Qxd3 17. Bxc5 Rfd8 18. Ne3 b4 19. cxb4 Nd4 20. Bxb7 Rxb7 21. Rad1 Qe4 22. Rde1 Qd3 23. Ng4 Nc6 24. Qg2 Qd5 25. Qxd5 Rxd5 26. Rd1 Nxb4 27. Bxb4 Rxb4 28. b3 Bd4+ 29. Kg2 h5 30. Nf2 a5 31. Kf3 Rb7 32. Rb1 Rbd7 33. Ne4 Kg7 34. Rfd1 1/2-1/2

[Event "Santo Domingo Summer op"]
[Site "Santo Domingo"]
[Date "2015.07.25"]
[Round "7"]
[White "De Jesus Rosa, Michel"]
[Black "Arvelo Leo, Gian Carlo"]
[Result "0-1"]
[WhiteElo "2057"]
[BlackElo "2128"]
[PlyCount "104"]
[EventDate "2015.07.17"]
[EventType "swiss"]
[EventRounds "8"]
[EventCountry "DOM"]
[SourceTitle "EXT 2016"]
[Source "ChessBase"]
[SourceDate "2015.10.08"]
[SourceVersion "1"]
[SourceVersionDate "2015.10.08"]
[SourceQuality "1"]

1. c4 c5 2. g3 Nf6 3. Bg2 d5 4. cxd5 Nxd5 5. Nf3 Nc6 6. 0-0 e5 7. Nc3 Nc7 8. d3 Be7 9. Nd2 Be6 10. Nc4 f6 11. Qa4 Bd7 12. Qd1 Rb8 13. Ne3 Be6 14. Qa4 Qd7 15. Qd1 0-0 16. b3 f5 17. Bb2 b6 18. Nc4 Bf6 19. Na4 Nd5 20. Nc3 Nde7 21. Rc1 Nd4 22. Nd2 Bf7 23. Nf3 Bh5 24. Nxd4 exd4 25. Nb1 Nd5 26. a3 Rfe8 27. Re1 a5 28. Nd2 Re6 29. Bf3 Bxf3 30. Nxf3 Nc3 31. Qd2 Qd5 32. Bxc3 dxc3 33. Qc2 Rbe8 34. Kf1 b5 35. Rcd1 b4 36. a4 Qc6 37. Kg1 g6 38. Kf1 h5 39. Qc1 Qd5 40. Qc2 Kg7 41. e4 fxe4 42. dxe4 Qb7 43. Rd5 c4 44. h4 cxb3 45. Qxb3 Rxe4 46. Rxe4 Rxe4 47. Rb5 Qc6 48. Rxa5 Qc4+ 49. Qxc4 Rxc4 50. Ra7+ Kh6 51. Ra6 c2 52. Rxf6 c1Q+ 0-1

[Event "Santo Domingo Summer op"]
[Site "Santo Domingo"]
[Date "2015.07.19"]
[Round "4"]
[White "De Jesus Rosa, Michel"]
[Black "Campusano Espinosa, Zoilo Nelson"]
[Result "0-1"]
[WhiteElo "2057"]
[BlackElo "2106"]
[PlyCount "92"]
[EventDate "2015.07.17"]
[EventType "swiss"]
[EventRounds "8"]
[EventCountry "DOM"]
[SourceTitle "EXT 2016"]
[Source "ChessBase"]
[SourceDate "2015.10.08"]
[SourceVersion "1"]
[SourceVersionDate "2015.10.08"]
[SourceQuality "1"]

1. c4 c5 2. Nc3 Nc6 3. g3 d6 4. Bg2 Bd7 5. d3 g6 6. e4 Bg7 7. Nge2 Nf6 8. 0-0 a6 9. a3 0-0 10. Rb1 Rb8 11. b4 b6 12. b5 axb5 13. Nxb5 Ne8 14. Bb2 Ne5 15. Nec3 Bg4 16. f3 Bd7 17. h3 Nc6 18. Kh2 e6 19. Ne2 e5 20. Nec3 f5 21. f4 exf4 22. gxf4 g5 23. Nd5 Nd4 24. Nxd4 cxd4 25. fxg5 Be5+ 26. Kh1 Qxg5 27. Bc1 f4 28. Qf3 Ng7 29. Rf2 Nh5 30. Rxb6 Ng3+ 31. Kh2 Rxb6 32. Nxb6 Be6 33. Nd5 Qh4 34. Bd2 h5 35. Bb4 Bg4 36. c5 Bxf3 37. Bxf3 Nxe4 38. Rg2+ Ng5 39. cxd6 Kf7 40. Rxg5 Qxg5 41. Be1 Bxd6 42. Nb6 Rb8 43. Nc4 Bxa3 44. Nxa3 Rb2+ 45. Kh1 Qc5 46. Nc4 Rb1 0-1